000 00290nam a22001337a 4500
008 170328b xxu||||| |||| 00| 0 eng d
020 _a9780136071877
041 _aeng
080 _24TH
_a796.3
100 _a8
101 _aSHM
245 _aSPORTS MARKETING
_cSHANK, M.D
942 _2udc
_cBK
999 _c8816
_d8816